000 01140nam a2200253Ia 4500
003 Ost
005 20260507075032.0
008 260507s9999||||xx |||||||||||||| ||und||
020 _a2105125977
040 _cfsecg
041 _aara
082 _a330
100 _aحنفي، عبد الغفار
_eمؤلف
245 0 _aالبورصات :
_bأسهم-سندات-صناديق الإستثمار /
_c عبد الغفار حنفي
260 _aالإسكندرية:
_bالمكتب العربي الحديث,
_c2003
300 _a370 صفحة؛
_bإيضاحات ؛
_c24 سم
520 _aالإستثمار وأسواق الأوراق المالية- قياس عائد ومخاطر الأوراق المالية- المستحدثات في نظرية الإستثمار وكفاءة أسواق رأس المال- تحليل وتقويم الأسهم- تحليل وتقويم السندات- أسواق رأس المال في مصر- الخيارات
653 _aالإستثمار
653 _aالاسهم
653 _aالأوراق المالية
653 _aالبورصات
653 _aسندات
942 _cكتاب
999 _c42417
_d42417